Statistics for Countries Without Vowels and Backwards

Click here to take the quiz!

General Stats

  • This quiz has been taken 140 times
  • The average score is 22 of 24

Answer Stats

YRTNCCountry% Correct
DNLNFFinland
98%
CNRFFrance
98%
NTSHKZKKazakhstan
98%
SSRRussia
98%
LHCChile
97%
KRMNDDenmark
97%
BMZZambia
97%
CXMMexico
96%
NPSSpain
96%
NHCChina
95%
LPNNepal
95%
DNLPPoland
95%
CMJJamaica
94%
LGNMMongolia
94%
NMYYemen
94%
DNCCanada
92%
SDNLRHTNNetherlands
91%
LVTTuvalu
91%
YNMRGGermany
90%
MNPPanama
89%
TPYGEgypt
87%
RBLLiberia
86%
SNDNIndonesia
57%
NRKUkraine
56%

Score Distribution

Percentile by Number Answered

Percent of People with Each Score

Your Score History

You have not taken this quiz